000 01102nam a22002537a 4500
999 _c15697
_d15697
003 AR-CdUCM
008 190429b ||||| |||| 00| 0 spa d
040 _aMUNICIPALIDAD PROVINCIAL DEL CUSCO
_cBIBLIOTECA MUNICIPAL DEL CUSCO
082 _a985.017 /
_bP79
100 _aPosnansky, Arthur
_934862
245 _aTihuanacu la cuna del hombre Americano /
260 _aLa Paz :
_bE.D.B.,
_c1896.
300 _a275 paginas ;
_bIlustraciones, mapas, pentagramas, cuadros plegables,
_c31 cm.
500 _aTitulo en ingles : Tihuanacu the cradle of American man Nota : El presente texto es Bilingue
505 _aContenido : t.3 : La génesis de la cerámica y los signos ideograficos que la cubren -- Isla de la luna --Isla del sol -- Cerámicas del Perú -- Huaco retratos -- Artes menudo en la cerámica de tihuanacu...
650 _aPerú
_935
650 _aBolivia
_91138
650 _aCerámica peruana
_916144
650 _aHuaco retrato
_934863
650 _aCultura Tihuanacu
_934864
700 _aShearer, James F. (Traducción)
_934865
942 _2ddc
_cLIBROS
945 _awnts
_d2019-04-29